Vplyv demografického vývoja na ekonomiku štátov Európskej únie bakalárska práca

Guardado en:
Detalles Bibliográficos
Autor principal: Šarköziová, Laura
Autor Corporativo: Fakulta medzinárodných vzťahov EU. Katedra medzinárodných ekonomických vzťahov a hospodárskej diplomacie
Otros Autores: Kunychka, Mykhaylo, 1990-
Formato: Libro
Lenguaje:eslovaco
Publicado: Bratislava 2018
Etiquetas: Agregar Etiqueta
Sin Etiquetas, Sea el primero en etiquetar este registro!

MARC

LEADER 00000nbm a2200000 4500
001 0244538
005 20180810103659.1
041 0 |a slo 
044 |a SK 
245 1 0 |a Vplyv demografického vývoja na ekonomiku štátov Európskej únie  |b bakalárska práca  |c Laura Šarköziová ; školiteľ: Mykhaylo Kunychka 
264 1 |a Bratislava  |c 2018 
300 |a 39 s. 
100 1 |a Šarköziová, Laura 
700 1 |a Kunychka, Mykhaylo, 1990- 
710 2 |a Fakulta medzinárodných vzťahov EU. Katedra medzinárodných ekonomických vzťahov a hospodárskej diplomacie